000 nam a22 7a 4500
999 _c4863
_d4863
003 AKMAL
005 20200918152044.0
008 200918s1999 nyu g 000 0 eng d
020 _a9780071349840 (pbk.)
_cRM 100
082 0 4 _a658.4 WES
_222
090 2 0 _a658.4
_bWES
100 1 _aWest, Edie
_99261
245 1 0 _aThe big book of icebreakers :
_b50 quick, fun activities for energizing meetings and workshops /
_cEdie West
260 _aNew York :
_bMcGraw-Hill,
_cc1999
300 _axvii, 233p. :
_bill. ;
_c24cm.
650 1 0 _aGroup relations training
_92823
650 2 0 _aMeetings
_97058
942 _2ddc
_cBOOK